| 000 | 01602nam a2200493 i 4500 | ||
|---|---|---|---|
| 001 | 46866 | ||
| 003 | KOSZ 005 | ||
| 005 | 20210910143140.0 | ||
| 008 | 060529s2005 pl a |000 0 pol | ||
| 015 | _aUWD 2006/11474 | ||
| 020 | _a8372434603 | ||
| 035 | _a991029183199705066 | ||
| 035 | _a(PL-WaBN)b17887495-48omnis_nlop | ||
| 035 | _ab17887495 | ||
| 035 | _a(OCoLC)749550989 | ||
| 035 | _azz2006800571 | ||
| 035 | _a(PL)b0000001788749 | ||
| 035 | _a(EXLNZ-48OMNIS_NETWORK)9910322600105606 | ||
| 040 |
_aWA N _cWA N _dKOSZ 005/HR |
||
| 041 | 1 |
_apol _hcze |
|
| 046 | _k2004 | ||
| 080 | _a745.54 | ||
| 080 | _a688 | ||
| 080 | _a(02.025.2) | ||
| 100 | 1 |
_aBrýdová, Monika _d(1969- ) _eAutor |
|
| 245 | 1 | 0 |
_aKwiaty z papieru / _cMonika Brýdová ; [tł. Elżbieta Kaczmarska]. |
| 246 | 1 |
_iTyt. oryg.: _aTwistArt : _bkouzlení z papíru, _f2004 |
|
| 260 |
_aWarszawa : _bWydawnictwo RM, _c2005. |
||
| 300 |
_a64 s. : _bil. kolor. ; _c24 cm. |
||
| 336 |
_aTekst _btxt _2rdacontent |
||
| 337 |
_aBez urządzenia pośredniczącego _bn _2rdamedia |
||
| 338 |
_aWolumin _bnc _2rdacarrier |
||
| 380 | _aKsiążki | ||
| 388 | _a2001- | ||
| 650 | 7 |
_aKwiaty sztuczne _2DBN |
|
| 650 | 7 |
_aPapieroplastyka _2DBN |
|
| 655 | 7 |
_aWydawnictwa popularne _2DBN |
|
| 658 | _aHobby i czas wolny | ||
| 700 | 1 |
_aKaczmarska, Elżbieta _d(1975- ) _eTłumaczenie |
|
| 710 | 2 |
_aWydawnictwo RM _4pbl |
|
| 856 |
_uhttp://koha.tu.koszalin.pl/cgi-bin/koha/opac-detail.pl?biblionumber=46866 _yKatalog online BPK |
||
| 942 |
_2UKD _cKS |
||
| 999 |
_c46866 _d46866 |
||